Normal view
MARC view
- Muhammad Younus Javed, Abdul Basit
Entry Personal Name
001 - CONTROL NUMBER
- control field: 80357
003 - CONTROL NUMBER IDENTIFIER
- control field: NUST
005 - DATE AND TIME OF LATEST TRANSACTION
- control field: 20210628210643.0
008 - FIXED-LENGTH DATA ELEMENTS
- fixed length control field: 210628|| aca||aabn | a|a d
040 ## - CATALOGING SOURCE
- Original cataloging agency: NUST
- Transcribing agency: NUST
100 ## - HEADING--PERSONAL NAME
- Personal name: Muhammad Younus Javed, Abdul Basit
670 ## - SOURCE DATA FOUND
- Source citation: Work cat.: (NUST): Muhammad Younus Javed, Abdul Basit, Color image compression,how to compress digital colored image using your own techniques?, 2012
